| 000 | 00924cam a2200229 4500 | ||
|---|---|---|---|
| 001 | 8380 | ||
| 008 | 010214s2002 stka 001 0 eng c | ||
| 010 | _a2001023505 | ||
| 020 | _a0443070458 | ||
| 020 | _a0443070466 (International student ed.) | ||
| 082 | 0 | 0 |
_a611 _221 |
| 100 | 1 |
_aLumley, J. S. P. _q(John Stuart Penton) |
|
| 245 | 1 | 0 |
_aSurface anatomy : _bthe anatomical basis of clinical examination / _cJohn S.P. Lumley ; photography by Carole Reeves, Christopher Priest ; illustrations by Ian Ramsden |
| 250 | _a3rd ed | ||
| 260 |
_aEdinburgh ; _aNew York : _bChurchill Livingstone, _c2002 |
||
| 300 |
_avii, 135 p. : _bill. (some col.) ; _c28 cm |
||
| 500 | _aIncludes index | ||
| 505 |
_aCONTENTS : Introduction. Head. Neck. Thorax. Abdomen and pelvis. Back. Upper limb. Lower limb. _g _r _t |
||
| 650 | 0 | _aAnatomy, Surgical and topographical | |
| 650 | 2 |
_aAnatomy _vAtlases |
|
| 999 |
_c7241 _d7241 |
||